000 00683nam a22002177a 4500
003 UA-OsUOA
001 112002
007 ta
008 20150615b un ||||| |||| 00| 0 ukr d
100 _aБілоусова Н.
090 _a32
_bБ67
942 _cSA
040 _aUA-OsUOA
_bukr
_cUA-OsUOA
_dUA-OsUOA
245 _aОлександр Добровольський: За три-п'ять років інтенсивної роботи проблему енергетичної залежності України можна вирішити
300 _aС.6-7
955 _a0
041 _aukr
080 _a32
773 0 _w112000
650 7 _a32 Політика
_2UDC
999 _c398123
_d398123